000
00287nam a2200121Ia 4500
008
191201s2008 xx 000 0 und d
100
_a
JAIN, Pooja
245
0
_a
Windows based Computer Courses
260
_c
2008
_b
S.Vikas
_a
Jalandhar
300
_a
misc
650
_a
CSE
942
_2
ddc
_c
BB
999
_c
7275
_d
7275